ロード中...
Pressure groups in Indian politics /
| 第一著者: | |
|---|---|
| 言語: | Undetermined |
| 出版事項: |
New Delhi :
Radiant publishers ,
1980.
|
| LEADER | 00456nam a2200133Ia 4500 | ||
|---|---|---|---|
| 001 | 91403 | ||
| 008 | 170722s9999 xx 000 0 und d | ||
| 100 | |a Fadia, Babulal | ||
| 245 | |a Pressure groups in Indian politics / | ||
| 260 | |a New Delhi : |b Radiant publishers , |c 1980. | ||
| 300 | |a Ppxiv+296 |c 21.5cms | ||
| 942 | |c GEN | ||
| 999 | |c 102195 |d 102195 | ||
| 952 | |0 0 |1 0 |4 0 |6 V_2498_N8_M0 |7 0 |8 LC1 |9 143669 |a LIB |b LIB |d 2017-08-12 |h LC1 |o V2:498.N8 M0 |p 191828 |r 2017-08-12 |w 2017-08-12 |y GEN | ||